[Event "Wch Seniors 50 29th"]
[Site "Bucharest"]
[Date "2019.11.23"]
[Round "11"]
[White "Holmstrom, Johan Ravnborg"]
[Black "Fugulyan, Grigore"]
[Result "1/2-1/2"]
[WhiteElo "1917"]
[BlackElo "1835"]
[PlyCount "34"]
[EventDate "2019.11.12"]
[EventType "swiss"]
[EventRounds "11"]
[EventCountry "ROU"]
[SourceTitle "CBM 193 Extra"]
[Source "ChessBase"]
[SourceDate "2020.01.31"]
[SourceVersion "1"]
[SourceVersionDate "2020.01.31"]
[SourceQuality "1"]

1. d4 Nf6 2. Nf3 d6 3. b3 c6 4. Bb2 d5 5. e3 Bf5 6. Bd3 Bxd3 7. Qxd3 Nbd7 8. Nbd2 e6 9. c4 Bd6 10. 0-0 0-0 11. Rfe1 Bb4 12. a3 Bxd2 13. Nxd2 h6 14. Rad1 Re8 15. e4 Nf8 16. e5 N6h7 17. f4 f5 1/2-1/2

[Event "Wch Seniors 50 29th"]
[Site "Bucharest"]
[Date "2019.11.15"]
[Round "4"]
[White "Fugulyan, Grigore"]
[Black "Suciu, Dinu Simi"]
[Result "1/2-1/2"]
[WhiteElo "1835"]
[BlackElo "2086"]
[PlyCount "24"]
[EventDate "2019.11.12"]
[EventType "swiss"]
[EventRounds "11"]
[EventCountry "ROU"]
[SourceTitle "CBM 193 Extra"]
[Source "ChessBase"]
[SourceDate "2020.01.31"]
[SourceVersion "1"]
[SourceVersionDate "2020.01.31"]
[SourceQuality "1"]

1. d4 c5 2. Nf3 Nf6 3. c4 cxd4 4. Nxd4 g6 5. Nc3 Bg7 6. e4 d6 7. Be2 0-0 8. 0-0 Nc6 9. Nc2 Be6 10. Ne3 Rc8 11. Re1 Nd7 12. Ned5 Nd4 1/2-1/2

[Event "Wch Seniors 50 29th"]
[Site "Bucharest"]
[Date "2019.11.14"]
[Round "3"]
[White "Vladescu, Viorel Ovidiu"]
[Black "Fugulyan, Grigore"]
[Result "0-1"]
[WhiteElo "1725"]
[BlackElo "1835"]
[PlyCount "70"]
[EventDate "2019.11.12"]
[EventType "swiss"]
[EventRounds "11"]
[EventCountry "ROU"]
[SourceTitle "CBM 193 Extra"]
[Source "ChessBase"]
[SourceDate "2020.01.31"]
[SourceVersion "1"]
[SourceVersionDate "2020.01.31"]
[SourceQuality "1"]

1. d4 Nf6 2. c4 d6 3. Nc3 g6 4. e4 Bg7 5. Be2 0-0 6. Nf3 Nbd7 7. h3 e5 8. d5 Nc5 9. Qc2 a5 10. Be3 b6 11. a3 Nh5 12. g4 Nf4 13. Bxf4 exf4 14. Rd1 Re8 15. b4 Bxc3+ 16. Qxc3 Nxe4 17. Qc2 axb4 18. axb4 Qf6 19. 0-0 Nc3 20. Rd2 Ra2 21. Qd3 Rxd2 22. Qxd2 Nxe2+ 23. Kg2 Qc3 24. Qa2 Nd4 25. Nxd4 Qxd4 26. Qa3 Qe4+ 27. Kg1 f3 28. Qc3 Bxg4 29. Kh2 Qf4+ 30. Kh1 Bxh3 31. Rg1 Bg2+ 32. Rxg2 fxg2+ 33. Kxg2 Qg4+ 34. Kf1 Qe2+ 35. Kg2 Qe5 0-1

[Event "ROM-chT div-A"]
[Site "Mamaia"]
[Date "2019.09.27"]
[Round "7.5"]
[White "Dobre, Mihai"]
[Black "Fugulyan, Grigore"]
[Result "1-0"]
[WhiteElo "2068"]
[BlackElo "1887"]
[PlyCount "71"]
[EventDate "2019.09.21"]
[EventType "team-tourn"]
[EventRounds "9"]
[EventCountry "ROU"]
[SourceTitle "EXT 2020"]
[Source "ChessBase"]
[SourceDate "2019.10.17"]
[SourceVersion "1"]
[SourceVersionDate "2019.10.17"]
[SourceQuality "1"]
[WhiteTeam "Buzau Phoenix"]
[BlackTeam "Arad University"]
[WhiteTeamCountry "ROU"]
[BlackTeamCountry "ROU"]

1. c4 Nf6 2. d4 d6 3. Nf3 g6 4. Nc3 Bg7 5. e4 0-0 6. Be2 c5 7. h3 a6 8. Be3 b6 9. e5 Ne8 10. dxc5 bxc5 11. Bxc5 Qa5 12. Ba3 Nc6 13. Qd5 Qxd5 14. Nxd5 Be6 15. exd6 Nxd6 16. 0-0 Rfd8 17. Rad1 Rab8 18. Nxe7+ Nxe7 19. Bxd6 Rxd6 20. Rxd6 Rxb2 21. Rd8+ Bf8 22. Rd2 Rb4 23. Rc1 Bh6 24. Rd8+ Kg7 25. Rc3 Rb2 26. Nd4 Rxa2 27. Nxe6+ fxe6 28. Bf3 Ra1+ 29. Rd1 Rxd1+ 30. Bxd1 a5 31. c5 Nd5 32. Rc4 Kf6 33. c6 Nc7 34. Rd4 Bc1 35. Rd7 Bf4 36. g3 1-0

[Event "Satu Mare Szabo Memorial"]
[Site "Satu Mare"]
[Date "2019.08.05"]
[Round "5"]
[White "Fugulyan, Grigore"]
[Black "Gheng, Simona"]
[Result "1-0"]
[WhiteElo "1847"]
[BlackElo "2058"]
[PlyCount "65"]
[EventDate "2019.08.02"]
[EventType "swiss"]
[EventRounds "9"]
[EventCountry "ROU"]
[SourceTitle "CBM 191 Extra"]
[Source "ChessBase"]
[SourceDate "2019.09.30"]
[SourceVersion "1"]
[SourceVersionDate "2019.09.30"]
[SourceQuality "1"]

1. d4 d5 2. c4 e6 3. e3 Nf6 4. Nf3 b6 5. Nc3 Bb7 6. Ne5 Be7 7. Bd3 0-0 8. cxd5 exd5 9. 0-0 c5 10. Bd2 Nbd7 11. Nxd7 Qxd7 12. Ne2 Ne4 13. f3 Nxd2 14. Qxd2 Rfe8 15. f4 g6 16. f5 Bg5 17. Nf4 Qe7 18. Rae1 Bxf4 19. exf4 Qf6 20. Re5 Re7 21. Rfe1 Rc7 22. fxg6 hxg6 23. f5 Qh4 24. Kh1 Kg7 25. fxg6 Rh8 26. h3 fxg6 27. Rg5 Rh6 28. Re6 Rc6 29. Re7+ Kf6 30. Rxb7 Qxg5 31. Rf7+ Kxf7 32. Qxg5 Rh5 33. Bxg6+ 1-0

[Event "ROM-chT2"]
[Site "Gilau"]
[Date "2018.10.13"]
[Round "7.4"]
[White "Fugulyan, Grigore"]
[Black "Gulie, Cosmin"]
[Result "0-1"]
[WhiteElo "1879"]
[BlackElo "2020"]
[PlyCount "60"]
[EventDate "2018.10.07"]
[EventType "team-swiss"]
[EventRounds "9"]
[EventCountry "ROU"]
[SourceTitle "CBM 187 Extra"]
[Source "ChessBase"]
[SourceDate "2018.11.04"]
[SourceVersion "1"]
[SourceVersionDate "2018.11.04"]
[SourceQuality "1"]
[WhiteTeam "Arad"]
[BlackTeam "Targoviste"]
[WhiteTeamCountry "ROU"]
[BlackTeamCountry "ROU"]

1. d4 d5 2. c4 c6 3. e3 Nf6 4. Nf3 e6 5. Nc3 Nbd7 6. Bd3 dxc4 7. Bxc4 b5 8. Bb3 Bb7 9. 0-0 b4 10. Ne2 Bd6 11. Bc2 c5 12. dxc5 Bxc5 13. Nf4 0-0 14. b3 e5 15. Nd3 Bd6 16. Nb2 Nb6 17. Nc4 Nxc4 18. bxc4 Qc7 19. Bb2 Rad8 20. Qe2 e4 21. Nd4 Bxh2+ 22. Kh1 Be5 23. g3 Bc8 24. Bd1 Bh3 25. Rg1 Bg4 26. Qf1 Qc8 27. Nc6 Qxc6 28. Bxe5 Bxd1 29. Rxd1 Ng4 30. Bf4 Rxd1 0-1

[Event "ROM-chT2"]
[Site "Gilau"]
[Date "2018.10.12"]
[Round "6.4"]
[White "David, Bogdan Emanuel"]
[Black "Fugulyan, Grigore"]
[Result "1-0"]
[WhiteElo "2159"]
[BlackElo "1879"]
[PlyCount "45"]
[EventDate "2018.10.07"]
[EventType "team-swiss"]
[EventRounds "9"]
[EventCountry "ROU"]
[SourceTitle "CBM 187 Extra"]
[Source "ChessBase"]
[SourceDate "2018.11.04"]
[SourceVersion "1"]
[SourceVersionDate "2018.11.04"]
[SourceQuality "1"]
[WhiteTeam "Ineu"]
[BlackTeam "Arad"]
[WhiteTeamCountry "ROU"]
[BlackTeamCountry "ROU"]

1. e4 d6 2. d4 g6 3. Nc3 Bg7 4. Be3 Nf6 5. f3 0-0 6. Qd2 Nc6 7. 0-0-0 e5 8. d5 Ne7 9. g4 Ne8 10. h4 f5 11. gxf5 gxf5 12. Bh3 Nf6 13. Bh6 Ng6 14. Nge2 Nh5 15. Rdg1 f4 16. Bxg7 Kxg7 17. Bxc8 Rxc8 18. Rg5 Ng3 19. Nxg3 fxg3 20. h5 Rxf3 21. hxg6 hxg6 22. Rxg6+ Kxg6 23. Qh6+ 1-0

[Event "ROM-chT2"]
[Site "Gilau"]
[Date "2018.10.11"]
[Round "5.4"]
[White "Fugulyan, Grigore"]
[Black "Zaim, Marian"]
[Result "1-0"]
[WhiteElo "1879"]
[BlackElo "2048"]
[PlyCount "53"]
[EventDate "2018.10.07"]
[EventType "team-swiss"]
[EventRounds "9"]
[EventCountry "ROU"]
[SourceTitle "CBM 187 Extra"]
[Source "ChessBase"]
[SourceDate "2018.11.04"]
[SourceVersion "1"]
[SourceVersionDate "2018.11.04"]
[SourceQuality "1"]
[WhiteTeam "Arad"]
[BlackTeam "Resita Muncitorul"]
[WhiteTeamCountry "ROU"]
[BlackTeamCountry "ROU"]

1. d4 Nf6 2. c4 g6 3. Nc3 Bg7 4. e4 d6 5. f3 0-0 6. Be3 e5 7. d5 Nh5 8. g4 Nf4 9. Nge2 f5 10. gxf5 gxf5 11. Qd2 fxe4 12. Nxe4 Nh5 13. N2g3 Qe8 14. 0-0-0 Nf4 15. Kb1 Bh6 16. h4 Kh8 17. Bd3 a5 18. Bc2 Nd7 19. Ng5 Bxg5 20. hxg5 Ng6 21. Rh6 Rg8 22. Rdh1 Ndf8 23. Ne4 Rg7 24. Nf6 Qf7 25. Qh2 Bd7 26. Bxg6 Qe7 27. Bxh7 1-0

[Event "Arad op 10th"]
[Site "Arad"]
[Date "2017.08.06"]
[Round "1"]
[White "Fugulyan, Grigore"]
[Black "Bogdan, Dan"]
[Result "0-1"]
[WhiteElo "1870"]
[BlackElo "2373"]
[PlyCount "80"]
[EventDate "2017.08.06"]
[EventType "swiss"]
[EventRounds "9"]
[EventCountry "ROU"]
[SourceTitle "CBM 179 Extra"]
[Source "ChessBase"]
[SourceDate "2017.08.23"]
[SourceVersion "1"]
[SourceVersionDate "2017.08.23"]
[SourceQuality "1"]

1. d4 g6 2. c4 Bg7 3. Nc3 d6 4. e4 Nd7 5. Nf3 e5 6. Be2 Ngf6 7. 0-0 0-0 8. h3 exd4 9. Nxd4 Re8 10. Bf3 Ne5 11. Be2 a6 12. f4 Ned7 13. Bf3 Rb8 14. Be3 c5 15. Nc2 b5 16. cxb5 axb5 17. Qxd6 b4 18. Na4 Qa5 19. Nxc5 Bf8 20. Nb3 Qa4 21. Qd4 Ba6 22. e5 Bxf1 23. Kxf1 Rbc8 24. Ne1 Nc5 25. Nxc5 Bxc5 26. Qd3 Red8 27. Qe2 Bxe3 28. Qxe3 Nd5 29. Qe4 Qb5+ 30. Kg1 Ne7 31. Be2 Qb6+ 32. Kh2 Qd4 33. Qxd4 Rxd4 34. Nd3 Rc2 35. Bf1 Nd5 36. Re1 Kf8 37. Kg3 Ke7 38. a3 bxa3 39. bxa3 Rc3 40. Rd1 Ne3 0-1

[Event "Eforie Nord Seacoast op 26th"]
[Site "Eforie Nord"]
[Date "2016.06.27"]
[Round "1"]
[White "Itkis, Boris"]
[Black "Fugulyan, Grigore"]
[Result "1-0"]
[WhiteElo "2379"]
[BlackElo "1893"]
[PlyCount "53"]
[EventDate "2016.06.27"]
[EventType "swiss"]
[EventRounds "10"]
[EventCountry "ROU"]
[SourceTitle "EXT 2017"]
[Source "ChessBase"]
[SourceDate "2016.10.25"]
[SourceVersion "1"]
[SourceVersionDate "2016.10.25"]
[SourceQuality "1"]

1. d4 Nf6 2. c4 g6 3. Nf3 Bg7 4. g3 0-0 5. Bg2 c6 6. 0-0 d5 7. Qb3 dxc4 8. Qxc4 Be6 9. Qb4 Nd5 10. Qxb7 Nb6 11. Bf4 Bc8 12. Qc7 Qe8 13. Ne5 Nd5 14. Qa5 Nxf4 15. gxf4 f6 16. Nd3 Ba6 17. Rd1 Qd8 18. Qxd8 Rxd8 19. Nc3 Bxd3 20. Rxd3 f5 21. d5 Na6 22. Rad1 Rac8 23. dxc6 Rxd3 24. exd3 Nb4 25. Nd5 Nxc6 26. Rc1 Kf8 27. Ne3 1-0

[Event "Eforie Nord Seacoast op 25th"]
[Site "Eforie Nord"]
[Date "2015.07.02"]
[Round "10"]
[White "Fugulyan, Grigore"]
[Black "Ileana, George"]
[Result "0-1"]
[WhiteElo "1901"]
[BlackElo "2162"]
[PlyCount "50"]
[EventDate "2015.06.23"]
[EventType "swiss"]
[EventRounds "10"]
[EventCountry "ROU"]
[SourceTitle "CBM 167 Extra"]
[Source "ChessBase"]
[SourceDate "2015.09.14"]
[SourceVersion "1"]
[SourceVersionDate "2015.09.14"]
[SourceQuality "1"]

1. d4 Nf6 2. c4 c5 3. e3 g6 4. Nf3 Bg7 5. Nc3 0-0 6. Be2 cxd4 7. exd4 d5 8. 0-0 Nc6 9. Ne5 Be6 10. Be3 Rc8 11. Nxc6 bxc6 12. c5 Rb8 13. Qd2 Ng4 14. Bf4 Rb4 15. Be3 Qb8 16. Bxg4 Bxg4 17. b3 e5 18. dxe5 d4 19. Bxd4 Rd8 20. f4 Rbxd4 21. Qe1 Qb4 22. h3 Bf5 23. Ne2 Rd2 24. Rc1 Qe4 25. Rf2 Bf8 0-1

[Event "Eforie Nord Seacoast op 25th"]
[Site "Eforie Nord"]
[Date "2015.06.29"]
[Round "7"]
[White "Maksimovic, Suzana"]
[Black "Fugulyan, Grigore"]
[Result "1-0"]
[WhiteElo "2238"]
[BlackElo "1901"]
[PlyCount "77"]
[EventDate "2015.06.23"]
[EventType "swiss"]
[EventRounds "10"]
[EventCountry "ROU"]
[SourceTitle "CBM 167 Extra"]
[Source "ChessBase"]
[SourceDate "2015.09.14"]
[SourceVersion "1"]
[SourceVersionDate "2015.09.14"]
[SourceQuality "1"]

1. d4 Nf6 2. c4 g6 3. Nc3 Bg7 4. e4 d6 5. h3 0-0 6. Be3 Nbd7 7. Nf3 e5 8. d5 b6 9. g4 Nc5 10. Nd2 a5 11. Be2 Ne8 12. h4 f5 13. g5 Nxe4 14. Ndxe4 fxe4 15. Qc2 Bf5 16. 0-0-0 Qd7 17. h5 Rf7 18. Rh4 c6 19. hxg6 hxg6 20. Kb1 Nc7 21. Qb3 cxd5 22. Nxd5 Nxd5 23. Rxd5 Rb8 24. c5 Be6 25. cxb6 Qc6 26. Bc4 a4 27. Qb4 Bxd5 28. Bb5 Qb7 29. Qxd6 Bf8 30. Qxe5 Rg7 31. Bd4 Bf7 32. Qh2 Be6 33. Rh8+ Kf7 34. Qe5 Qe7 35. Qxb8 Rg8 36. Qf4+ Bf5 37. Bc4+ Ke8 38. Qb8+ Qd8 39. Bb5+ 1-0

[Event "Iasi op"]
[Site "Iasi"]
[Date "2014.05.10"]
[Round "1"]
[White "Prohaszka, Peter"]
[Black "Fugulyan, Grigore"]
[Result "1-0"]
[WhiteElo "2575"]
[BlackElo "1931"]
[PlyCount "74"]
[EventDate "2014.05.10"]
[EventType "swiss"]
[EventRounds "9"]
[EventCountry "ROU"]
[SourceTitle "CBM 160 Extra"]
[Source "ChessBase"]
[SourceDate "2014.07.01"]
[SourceVersion "1"]
[SourceVersionDate "2014.07.01"]
[SourceQuality "1"]

1. d4 Nf6 2. c4 g6 3. Nc3 Bg7 4. e4 d6 5. Bd3 e5 6. d5 0-0 7. Nge2 Nbd7 8. 0-0 Nc5 9. Bc2 a5 10. Rb1 Nh5 11. Be3 b6 12. Qd2 f5 13. exf5 gxf5 14. f4 Bd7 15. Kh1 Qe7 16. Rbe1 Rae8 17. a3 Qh4 18. Bf2 Qf6 19. fxe5 dxe5 20. Bxc5 bxc5 21. g4 Bh6 22. g5 Qxg5 23. Qxg5+ Bxg5 24. Rg1 h6 25. h4 f4 26. Bg6 Re7 27. Bxh5 f3 28. Bxf3 Rxf3 29. hxg5 Rh3+ 30. Kg2 hxg5 31. Ng3 Rh4 32. Nce4 Bh3+ 33. Kf2 Rf7+ 34. Ke3 Rff4 35. Nxg5 Rxc4 36. N3e4 Kf8 37. Rh1 Ke8 1-0

[Event "ROM-ch"]
[Site "Targu Mures"]
[Date "2014.05.02"]
[Round "9"]
[White "David, Alexandru Vasile"]
[Black "Fugulyan, Grigore"]
[Result "1-0"]
[WhiteElo "2166"]
[BlackElo "1931"]
[PlyCount "99"]
[EventDate "2014.04.26"]
[EventType "swiss"]
[EventRounds "11"]
[EventCountry "ROU"]
[SourceTitle "CBM 160 Extra"]
[Source "ChessBase"]
[SourceDate "2014.07.01"]
[SourceVersion "1"]
[SourceVersionDate "2014.07.01"]
[SourceQuality "1"]

1. d4 Nf6 2. c4 d6 3. Nc3 g6 4. e4 Bg7 5. h3 0-0 6. Bg5 c5 7. d5 e6 8. Bd3 a6 9. a4 Nbd7 10. Nf3 h6 11. Be3 Re8 12. dxe6 Rxe6 13. Qd2 Nxe4 14. Bxe4 Bxc3 15. bxc3 Rxe4 16. 0-0 Ne5 17. Nxe5 Rxe5 18. Bxh6 Be6 19. Bf4 Re4 20. Rfe1 Rxc4 21. Bg5 Qf8 22. Bf6 Kh7 23. Qd3 d5 24. Re5 Qh6 25. Rxd5 Rf4 26. Rd8 Rxf6 27. Rxa8 Qf4 28. Qe3 Qxe3 29. fxe3 Bd5 30. Rd1 Bc6 31. Rdd8 Re6 32. g4 Rxe3 33. Kf2 Rf3+ 34. Ke2 Rg3 35. Rd3 Rg2+ 36. Kf1 Kh6 37. Rc8 Ra2 38. h4 Rxa4 39. Rg3 Rf4+ 40. Ke2 a5 41. Kd2 a4 42. g5+ Kg7 43. Rd3 f5 44. Rc7+ Kf8 45. Rh7 Re4 46. h5 a3 47. Rd8+ Be8 48. hxg6 a2 49. Ra8 Ra4 50. Rf7+ 1-0

[Event "ROM-ch"]
[Site "Targu Mures"]
[Date "2014.05.01"]
[Round "8"]
[White "Fugulyan, Grigore"]
[Black "David, Bogdan Emanuel"]
[Result "1-0"]
[WhiteElo "1931"]
[BlackElo "1761"]
[PlyCount "83"]
[EventDate "2014.04.26"]
[EventType "swiss"]
[EventRounds "11"]
[EventCountry "ROU"]
[SourceTitle "CBM 160 Extra"]
[Source "ChessBase"]
[SourceDate "2014.07.01"]
[SourceVersion "1"]
[SourceVersionDate "2014.07.01"]
[SourceQuality "1"]

1. d4 Nf6 2. c4 g6 3. Nc3 Bg7 4. e4 d6 5. f3 0-0 6. Be3 c5 7. dxc5 dxc5 8. Qxd8 Rxd8 9. Bxc5 Nc6 10. Rd1 Nd7 11. Be3 b6 12. a3 Ba6 13. Nd5 Bb7 14. b4 e6 15. Nc7 Rab8 16. Ne2 Nde5 17. Rxd8+ Rxd8 18. Nf4 Rd7 19. Nb5 a6 20. Nc3 Nxf3+ 21. gxf3 Bxc3+ 22. Kf2 Bb2 23. b5 Nd4 24. a4 f5 25. c5 axb5 26. axb5 bxc5 27. Bc4 Kf7 28. Nd3 Bc3 29. Ne5+ Ke7 30. Nxd7 Kxd7 31. Rc1 Ba5 32. Bd3 Bb6 33. h4 Kd6 34. h5 Ke5 35. hxg6 hxg6 36. f4+ Kf6 37. e5+ Kf7 38. Bf1 Ba7 39. b6 Bb8 40. Rxc5 Nb3 41. Rc3 Na5 42. Bg2 1-0

[Event "World Amateur-ch"]
[Site "Iasi"]
[Date "2013.04.28"]
[Round "7"]
[White "Statescu, Vlad"]
[Black "Fugulyan, Grigore"]
[Result "0-1"]
[WhiteElo "1826"]
[BlackElo "1910"]
[PlyCount "56"]
[EventDate "2013.04.22"]
[EventType "swiss"]
[EventRounds "9"]
[EventCountry "ROU"]
[SourceTitle "CBM 154 Extra"]
[Source "ChessBase"]
[SourceDate "2013.06.25"]
[SourceVersion "2"]
[SourceVersionDate "2013.06.25"]
[SourceQuality "1"]

1. e4 d6 2. d4 g6 3. c3 Bg7 4. Nf3 Nf6 5. Bd3 0-0 6. Nbd2 Nbd7 7. Nb3 e5 8. 0-0 Re8 9. Re1 c6 10. h3 Qc7 11. Bg5 h6 12. Bh4 g5 13. Bg3 Nh7 14. Rc1 Ndf8 15. c4 Ng6 16. c5 Nf4 17. Bxf4 gxf4 18. cxd6 Qxd6 19. dxe5 Bxe5 20. Nxe5 Rxe5 21. Qf3 Ng5 22. Qd1 Qg6 23. Kh2 f3 24. h4 Qh5 25. g3 Be6 26. Qd2 Re8 27. Rc3 Qg4 28. Rcc1 Nxe4 0-1

[Event "World Amateur-ch"]
[Site "Iasi"]
[Date "2013.04.25"]
[Round "4"]
[White "Fugulyan, Grigore"]
[Black "Thomre, Abhishek"]
[Result "1-0"]
[WhiteElo "1910"]
[BlackElo "1560"]
[PlyCount "125"]
[EventDate "2013.04.22"]
[EventType "swiss"]
[EventRounds "9"]
[EventCountry "ROU"]
[SourceTitle "CBM 154 Extra"]
[Source "ChessBase"]
[SourceDate "2013.06.25"]
[SourceVersion "2"]
[SourceVersionDate "2013.06.25"]
[SourceQuality "1"]

1. d4 Nf6 2. c4 e6 3. Nc3 Bb4 4. Qc2 b6 5. a3 Bxc3+ 6. Qxc3 Ne4 7. Qh3 d5 8. f3 Nf6 9. Qg3 Nh5 10. Qe5 Nf6 11. cxd5 Qxd5 12. Qxd5 Nxd5 13. e4 Nf6 14. Bf4 c6 15. Rc1 Bb7 16. Bc4 0-0 17. Ne2 Nbd7 18. Kf2 Rfe8 19. Rhd1 Rac8 20. Rd2 a6 21. b4 h6 22. g4 Nh7 23. h4 Nhf8 24. h5 c5 25. bxc5 bxc5 26. Rb2 Bc6 27. d5 exd5 28. exd5 Bb5 29. Bxb5 axb5 30. Rxb5 Ra8 31. Rc3 Ra4 32. Bd6 Rea8 33. Bxc5 Nxc5 34. Rbxc5 Rxa3 35. Rxa3 Rxa3 36. Rc8 f6 37. Rc7 Rd3 38. Nf4 Rd2+ 39. Ke3 Rd1 40. Nd3 Ra1 41. Nc5 Rd1 42. Nd3 Ra1 43. Nf4 Ra3+ 44. Ke4 Ra1 45. d6 Ra4+ 46. Ke3 Ra6 47. Rc8 Kf7 48. Rd8 Ra7 49. Rc8 Rd7 50. Rc6 Ne6 51. Nd5 Nf8 52. Nb6 Rd8 53. Ke4 Ke6 54. f4 Nd7 55. f5+ Kf7 56. Rc7 Ke8 57. Rxd7 Rxd7 58. Nxd7 Kxd7 59. Kd5 Ke8 60. Ke6 Kf8 61. d7 Kg8 62. d8Q+ Kh7 63. Kf7 1-0

[Event "Arad op"]
[Site "Arad"]
[Date "2012.07.29"]
[Round "3"]
[White "Samu, Sorin Mihai"]
[Black "Fugulyan, Grigore"]
[Result "0-1"]
[WhiteElo "2208"]
[BlackElo "1940"]
[PlyCount "32"]
[EventDate "2012.07.27"]
[EventType "swiss"]
[EventRounds "9"]
[EventCountry "ROU"]
[SourceTitle "CBM 149 Extra"]
[Source "ChessBase"]
[SourceDate "2012.08.24"]
[SourceVersion "1"]
[SourceVersionDate "2012.08.24"]
[SourceQuality "1"]

1. c4 e5 2. Nc3 Nf6 3. Nf3 Nc6 4. d3 Bb4 5. e4 d6 6. Be2 0-0 7. Bg5 h6 8. Bh4 g5 9. Nxg5 hxg5 10. Bxg5 Kg7 11. 0-0 Bxc3 12. bxc3 Qe8 13. f4 Nh7 14. Bh4 f5 15. exf5 exf4 16. g4 Kh8 0-1

[Event "ROM-ch"]
[Site "Sarata Monteoru"]
[Date "2012.02.13"]
[Round "1"]
[White "Cioara, Andrei Nestor"]
[Black "Fugulyan, Grigore"]
[Result "1-0"]
[WhiteElo "2456"]
[BlackElo "1958"]
[PlyCount "93"]
[EventDate "2012.02.13"]
[EventType "swiss"]
[EventRounds "11"]
[EventCountry "ROU"]
[SourceTitle "CBM 147 Extra"]
[Source "ChessBase"]
[SourceDate "2012.04.24"]
[SourceVersion "1"]
[SourceVersionDate "2012.04.24"]
[SourceQuality "1"]

1. d4 d5 2. c4 e6 3. Nf3 Nf6 4. g3 Be7 5. Bg2 0-0 6. 0-0 Ne4 7. Nbd2 Nxd2 8. Bxd2 Bd7 9. Qc2 c6 10. Ne5 f6 11. Nxd7 Nxd7 12. e4 dxc4 13. Qxc4 Kh8 14. Qxe6 f5 15. exf5 Bf6 16. Bc3 Nb6 17. Rfe1 Na4 18. Qb3 Nxc3 19. bxc3 Qb6 20. Re6 Qxb3 21. axb3 a6 22. b4 Kg8 23. f4 Rfe8 24. g4 h6 25. Be4 Kf7 26. Bc2 Rxe6 27. Bb3 Ke7 28. fxe6 Kd6 29. Kf2 g5 30. f5 b6 31. Ke3 a5 32. c4 Kc7 33. bxa5 bxa5 34. c5 Rb8 35. Bc4 Rd8 36. Rxa5 Kb8 37. d5 cxd5 38. Bb5 d4+ 39. Kd3 h5 40. Bd7 hxg4 41. c6 Rh8 42. Rb5+ Kc7 43. Rb7+ Kd6 44. c7 Rh3+ 45. Ke2 d3+ 46. Kd2 Be5 47. c8Q 1-0

[Event "Cetinje Batricevic Memorial op"]
[Site "Cetinje"]
[Date "2009.08.14"]
[Round "6"]
[White "Bajkovic, Nikola"]
[Black "Fugulyan, Grigore"]
[Result "1-0"]
[WhiteElo "2143"]
[BlackElo "2022"]
[PlyCount "79"]
[EventDate "2009.08.09"]
[EventType "swiss"]
[EventRounds "9"]
[EventCountry "MNE"]
[SourceTitle "CBM 131 Extra"]
[Source "ChessBase"]
[SourceDate "2009.09.03"]
[SourceVersion "2"]
[SourceVersionDate "2009.09.16"]
[SourceQuality "1"]

1. Nf3 Nf6 2. g3 d5 3. Bg2 c6 4. d3 Bf5 5. Nbd2 Nbd7 6. 0-0 e5 7. Re1 Bc5 8. e4 dxe4 9. dxe4 Be6 10. h3 Qb6 11. Qe2 Nh5 12. Ng5 Ndf6 13. Nxe6 fxe6 14. Nf1 0-0 15. Ne3 Rad8 16. c3 Rd7 17. b4 Bxe3 18. Bxe3 Qc7 19. Qc4 Re8 20. Rad1 g6 21. Bf3 b5 22. Qb3 Ng7 23. Rxd7 Nxd7 24. Rd1 Kf7 25. a4 Nb6 26. Bxb6 Qxb6 27. c4 Re7 28. axb5 cxb5 29. c5 Qc7 30. Qc3 Ne8 31. Be2 Qb8 32. h4 Nf6 33. Rd6 Nxe4 34. Qf3+ Nf6 35. g4 Kg7 36. g5 Nd5 37. Rxd5 Rf7 38. Qxf7+ Kxf7 39. Rd7+ Kf8 40. c6 1-0